banner-ar

تفسير العهد الجديد : شرح بشارة يوحنا / (Record no. 53324)

MARC details
000 -الفاتح
حقل البيانات ثابتة الطول 00745nam a2200229Ia 4500
008 - عناصر البيانات ثابتة الطول - معلومات عامة
حقل البيانات ثابتة الطول 140319s9999 xx 000 0 ara d
040 ## - مصدر الفهرسة
وكالة الفهرسة الأصلية GCL /
وكالة النسخ GCL
082 04 - رقم تصنيف ديوى العشرى
رقم التصنيف 272.6
رقم المادة ب ت
100 1# - المدخل الرئيسى - إسم شخصى
الإسم الشخصى صموئيل حبيب
245 10 - بيان العنوان
العنوان تفسير العهد الجديد : شرح بشارة يوحنا /
بيان المسئوليه,etc صموئيل حبيب
700 1# - المدخل الاضافى - اسم شخصى
الإسم الشخصى بطرس عبدالملك
700 1# - المدخل الاضافى - اسم شخصى
الإسم الشخصى بشارة يوحنا
700 1# - المدخل الاضافى - اسم شخصى
الإسم الشخصى عزت زكى
700 1# - المدخل الاضافى - اسم شخصى
الإسم الشخصى باركلى ،وليم
260 ## - PUBLICATION, DISTRIBUTION, ETC. (IMPRINT)
تاريخ النشر أو التوزيع 1983
300 ## - الوصف المادى
التعداد 567 ص ؛
أبعاد الوعاء 24سم
490 ## - بيان السلسلة
عنوان السلسلة تفسير العهد الجديد
رقم المجلد/ التعيين التسلسلي 0
650 04 - المدخل الاضافى بالموضوع-مصطلح موضوعى
مصطلح موضوعي العهد الجديد
650 04 - المدخل الاضافى بالموضوع-مصطلح موضوعى
مصطلح موضوعي الانجيل
942 ## - عناصر المدخل الإضافي( كوها)
مصدر التصنيف او مخطط الترفيف Dewey Decimal Classification
Koha [default] item type كتاب
260 ## - PUBLICATION, DISTRIBUTION, ETC. (IMPRINT)
-- القاهرة :
-- دار الثقافة المسيحية ،
Holdings
حالة التراجع حالة الفقد حالة تلف ليس للاعارة المكان المؤقت الموقع الحالى تاريخ الاكتساب اجمالي اﻻعارات رقم الطلب الباركود تاريخ اخر مشاهدة تاريخ تفعيل السعر نوع وعاء كوها
        مكتبة القاهرة الكبرى مكتبة القاهرة الكبرى 03/26/2014   272.6\ب ت 127961 03/26/2014 03/26/2014 كتاب
        مكتبة القاهرة الكبرى مكتبة القاهرة الكبرى 03/26/2014   272.6\ب ت 127962 03/26/2014 03/26/2014 كتاب
        مكتبة القاهرة الكبرى مكتبة القاهرة الكبرى 03/26/2014   272.6\ب ت 127963 03/26/2014 03/26/2014 كتاب
        مكتبة القاهرة الكبرى مكتبة القاهرة الكبرى 03/26/2014   272.6\ب ت 127964 03/26/2014 03/26/2014 كتاب

Powered By

EGPV